El huracán de la globalización (Registro nro. 962)
[ vista simple ]
| 000 -Cabecera | |
|---|---|
| Campo de control de longitud fija | 00645aam a2200253 4500 |
| 005 - Fecha y hora de la última transacción | |
| Campo de control | 20230929110606.0 |
| 008 - Elementos de longitud fija--Información general | |
| Campo de control de longitud fija | 150309b1999 xxu||||| |||| 00| 0 spa d |
| 020 ## - International Standard Book Number | |
| Número Internacional Estándar del Libro (ISBN) | 997783119 |
| 041 ## - Idioma | |
| Código de idioma | Español |
| 082 ## - Clasificación Decimal Dewey | |
| Número de clasificación | 303.44 H663h |
| 100 ## - Entrada principal--Autor personal | |
| Nombre personal | Hinkelammert, Franz |
| 9 (RLIN) | 21883 |
| 245 ## - Título propiamente dicho | |
| Título | El huracán de la globalización |
| 260 ## - Pie de imprenta | |
| Lugar de publicación, distribución, etc. | Costa Rica |
| 260 ## - Pie de imprenta | |
| Nombre del editor, distribuidor, etc. | DEI |
| 260 ## - Pie de imprenta | |
| Fecha de publicación, distribución, etc. | 1999 |
| 300 ## - Descripción física | |
| Extensión | 249 págians |
| 650 ## - Materia general | |
| Temática (materia general) | GLOBALIZACIÓN |
| 650 ## - Materia general | |
| Temática (materia general) | GLOBALIZACIÓN CAPITALISTA |
| 650 ## - Materia general | |
| Temática (materia general) | DESARROLLO SOSTENIBLE |
| 650 ## - Materia general | |
| Temática (materia general) | NEOLIBERALISMO |
| 650 ## - Materia general | |
| Temática (materia general) | ECONOMÍA |
| 650 ## - Materia general | |
| Temática (materia general) | DEREHOS HUMANOS |
| 942 ## - Punto de acceso adicional KOHA | |
| Tipo de ítem KOHA | Libro |
| Fuente del sistema de clasificación o colocación | Dewey Decimal Classification |
| Signatura completa | Código de barras | Tipo de ítem |
|---|---|---|
| 303.44 H663h | 8438 | Libro |